Normal view
MARC view
- مجلس التعاون الخليجي-تاريخ
Entry Topical Term
001 - CONTROL NUMBER
- control field: 9125
003 - CONTROL NUMBER IDENTIFIER
- control field: JO-AjAnu
005 - DATE AND TIME OF LATEST TRANSACTION
- control field: 20230606071753.0
008 - FIXED-LENGTH DATA ELEMENTS
- fixed length control field: 230606|| aca||aabn | a|a d
040 ## - CATALOGING SOURCE
- Original cataloging agency: JO-AjAnu
- Transcribing agency: JO-AjAnu
150 ## - HEADING--TOPICAL TERM
- Topical term or geographic name entry element: مجلس التعاون الخليجي-تاريخ
670 ## - SOURCE DATA FOUND
- Source citation: Work cat.: (JO-AjAnu)4706: منتدى الفكر العربي, author 9124, تجربة مجلس التعاون الخليجي: خطوة او عقبة في طريق الوحدة العربية